00467nam a2200157Ia 4500008004100000020001500041082001600056100004300072245004500115250000700160260004000167300003000207500001900237600003300256650002000289240925s9999 xx 000 0 und d a085950042x a500.202 RED aRedford, G. D.; Rees, D. T.; Greer, A. 0aEngineering and Physical Science Level-1 aNA aKingsditch:bStanley Thomesc,1979. axxiii,514p.bNAfOriginal aIncludes Index aHumanities & Natural Science aNatural Science